000 00726nam a2200217 i 4500
001 38375
003 ES-MaACL
005 20250531063024.0
007 t|
008 030225s1972 sp ||||1| spa d
020 _a84-326-0289-2
080 _a914.64.1 M.(03)
100 1 _aCabezas, Juan Antonio,
_d1900-1993
_933200
245 1 0 _aDiccionario de Madrid
_b: las calles, sus nombres, su historia, su ambiente /
_cJuan Antonio Cabezas.
250 _a2ª ed. corr. y ampl.
260 _aMadrid :
_bCompañía Bibliográfica Española,
_c1972.
300 _a497 p., 23 p., 2 lám. :
_bil. ;
_c212cm.
650 4 _aCalles-
_zMadrid-
_vDiccionarios.
_9172252
852 _aES-MaACL
_jC-56288
999 _c38375
_d38375